Oil extraction and analysis : critical issues and comparative studies /

Guardado en:
Otros Autores: Luthria, D. L. (Editor , ed.)
Formato: Libro
Idioma:English
Publicado: Champaigne, Ill. : AOCS Press, c2004.
Materias:
Etiquetas: Agregar Etiqueta
Sin Etiquetas, Sea el primero en etiquetar este registro!
LEADER 00919cam a22002535a 4500
001 EIQ.libpla001820
008 040309s2004####ilua#####b####001#0#eng#d
005 20070222181221.0
245 0 0 |a Oil extraction and analysis :  |b critical issues and comparative studies /  |c editor, D.L. Luthria. 
260 |a Champaigne, Ill. :  |b AOCS Press,  |c c2004. 
300 |a vi, 282 p. :  |b il. ;  |c 24 cm. 
504 |a Incluye referencias bibliográficas e índice. 
020 |a 1893997782 (acid-free paper) 
700 1 |a Luthria, D. L.  |q (Devanand L.),  |e ed.  |4 edt 
082 0 0 |a 664/.3  |2 22 
650 4 |a Aceite y grasas comestibles  |x Análisis. 
650 4 |a Alimentos  |x Análisis. 
650 4 |a Alimentos  |x Contenidos grasos. 
650 4 |a Food  |x Analysis. 
650 4 |a Oils and fats edible  |x Analysis. 
650 4 |a Food  |x Fat content. 
010 |a  2004005649 
040 |a DLC  |c DLC  |d AR-BbSID 
859 |a AR-BbSID  |b BIB. PLAPIQUI  |h 664.3  |i Oi 5  |p 5922